000 00807nam a2200265 i 4500
001 bg
100 1 _aBattistini, Matilde.
245 0 _aModigliani /
_c[tekst Matilde Battistini ; tł. z włos. Jadwiga Walkowska].
260 _aWarszawa :
_bRzeczpospolita ;
_bHPS,
_c2006.
300 _a143 s. :
_bil. ;
_c26 cm.
490 1 _aKlasycy Sztuki ;
_v24
600 0 9 _aModigliani, Amadeo
_d(1884-1920)
_xtwórczość.
650 0 _aMalarstwo włoskie
_xhistoria
_y20 w.
700 1 9 _aWalkowska, Jadwiga
_eTł.
830 _aKlasycy Sztuki ;
020 _a9788360529232
020 _a836052923X
040 _cBPK
041 1 _apol
_hita
080 _a75.071(450)"18/19"(084.11)A/Z
920 _a978-83-60529-23-2
920 _a83-60529-23-X
942 _cKS
008 s pl f |000 0 pol
999 _c53742
_d53742
856 _uhttp://koha.tu.koszalin.pl/cgi-bin/koha/opac-detail.pl?biblionumber=53742
_yKatalog online BPK